Drevené konštrukcie

Enregistré dans:
Détails bibliographiques
Auteur principal: Dutko, Pavel (Auteur)
Format: Livre
Langue:slovaque
Publié: Bratislava : STU v Bratislave, 1994
Édition:2. vyd.
Tags: Ajouter un tag
Pas de tags, Soyez le premier à ajouter un tag!

MARC

LEADER 00000nam a22000003a 4500
001 stu12066
005 20150617225700.8
008 951130s1994----xo------------------slo-d
040 |a STU  |b slo 
041 0 |a slo 
044 |a xo 
100 1 |a Dutko, Pavel  |4 aut 
245 1 |a Drevené konštrukcie 
250 |a 2. vyd. 
260 |a Bratislava :  |b STU v Bratislave,  |c 1994 
300 |a 121 s 
996 |b 284AS02217  |c A*2712 S  |l AAKNST  |s P  |a 0  |w stu12066_0001